Inventarizácia ako základ uzávierkových prác v účtovníctve podnikateľa diplomová práca

Enregistré dans:
Détails bibliographiques
Auteur principal: Troiaková, Eva
Collectivité auteur: Národohospodárska fakulta EU. Katedra financií
Autres auteurs: Staríčková, Zuzana
Format: Livre
Langue:slovaque
Publié: Bratislava 2014
Tags: Ajouter un tag
Pas de tags, Soyez le premier à ajouter un tag!

MARC

LEADER 00000nbm a2200000 4500
001 0193239
005 20161212094751.2
041 0 |a slo 
044 |a SK 
245 1 0 |a Inventarizácia ako základ uzávierkových prác v účtovníctve podnikateľa  |b diplomová práca  |c Eva Troiaková ; školiteľ: Zuzana Staríčková 
264 1 |a Bratislava  |c 2014 
300 |a 65 s. 
100 1 |a Troiaková, Eva 
700 1 |a Staríčková, Zuzana 
710 2 |a Národohospodárska fakulta EU. Katedra financií